000 00846nam a2200253 a 4500
001 46486
003 BD-RjUL
005 20211209054146.0
008 160802s1933 sz b i000 0 eng d
035 _a(BD-RjUL)46604
040 _aBD-RjUL
_beng
_cBD-RjUL
_dBD-RjUL
041 _aeng
082 _223
_a331.128
_bEMP 1933
245 0 0 _aEmployment exchanges :
_ban international study of placing activities. /
_cInternational Labour Office
260 _aGeneva :
_bP.S. King,
_c1933.
300 _aiv, 231 p. ;
_c23 cm.
490 1 _aStudies and reports. Series C, Employment and unemployment ;
_vno. 18
504 _aInclude bibliography
650 0 _aEmployment agencies.
_9141852
650 0 _aLabor bureaus.
_9141853
710 2 _aInternational Labour Office.
_9133440
830 0 _aStudies and reports.
_vno. 18.
_9141861
942 _2ddc
_cBK
999 _c46486
_d46486